000
00273nam a22001217a 4500
082
_a
823
_b
SAS/M
100
_a
SASI,MADAVOOR,- Tr.
245
_a
MAHABHARATHAM KUTTIKALKKU
260
_a
THRISSUR
_b
H&C PUBLISHING HOUSE
300
_a
48
650
_a
STORY
_z
KERALA
942
_c
BK
999
_c
1763
_d
1763